00290 a2200109 4500001000700000040003500007100001700042240005300059245004800112362000900160440001100169154179 cEscola São Tomás de Aquino aAMADO, Jorge10aA morte e a morte de Quincas Berro Dágua lpor10aA morte e a morte de Quincas Berro Dágua 0 a1986 1aRecord